[Event "Schachfestival 2024-Senioren"]
[White "Van Amerongen-Jansen Peggy"]
[Black "Neumann Joachim"]
[Site "Bad Woerishofen "]
[Round "2.12"]
[Annotator "wempe"]
[Result "1/2-1/2"]
[Date "2024.03.10"]
[WhiteElo "1938"]
[BlackElo "2062"]
[PlyCount "54"]
[GameId "2118793979117728"]
[EventDate "2024.03.09"]
[WhiteTeam "SV de Stukkenjagers"]

1. e4 c5 2. Nf3 Nc6 3. d4 cxd4 4. Nxd4 Nf6 5. Nc3 e5 6. Ndb5 d6 7. Bg5 a6 8. Na3 b5 9. Nd5 Be7 10. Bxf6 Bxf6 11. c3 Bg5 12. Nc2 Ne7 13. Nxe7 Qxe7 14. Nb4 O-O 15. h4 Bh6 16. g4 Bf4 17. Nd5 Qb7 18. Bg2 Bd7 19. Qf3 Bc6 20. Rd1 Bxd5 21. Rxd5 Qe7 22. Qd3 Rfd8 23. Ke2 Rac8 24. h5 Rc5 25. Rd1 Rxd5 26. Qxd5 Qc7 27. Bf1 Bg5 1/2-1/2

[Event "Schachfestival 2024-Senioren"]
[White "Matzat Andre"]
[Black "Heid Michael"]
[Site "Bad Woerishofen "]
[Round "2.13"]
[Annotator "wempe"]
[Result "1-0"]
[Date "2024.03.10"]
[WhiteElo "2060"]
[BlackElo "1944"]
[PlyCount "109"]
[GameId "2118793979117729"]
[EventDate "2024.03.09"]
[WhiteTeam "Oberhausener SV 1887 e. V."]
[BlackTeam "Matt im Park Frankfurt"]

1. d4 d5 2. Nf3 e6 3. Bf4 c5 4. c3 Nc6 5. e3 Bd6 6. Bg3 cxd4 7. exd4 Qc7 8. Nbd2 Nf6 9. Bd3 Bd7 10. Qe2 Nh5 11. Bxd6 Qxd6 12. g3 g6 13. O-O O-O 14. Qe3 Rac8 15. Ne5 Nxe5 16. dxe5 Qc5 17. Qh6 f5 18. Nb3 Qc7 19. Rae1 Bc6 20. Nd4 Qe7 21. f3 Bd7 22. g4 Ng7 23. h3 Rce8 24. Kg2 Qc5 25. h4 Re7 26. h5 Be8 27. Qg5 fxg4 28. fxg4 Rxf1 29. Rxf1 gxh5 30. gxh5 Bxh5 31. Qh6 Bg6 32. Bxg6 hxg6 33. Qxg6 Qc7 34. Qg5 Re8 35. Rf6 Qb6 36. b3 Qa6 37. a4 Qd3 38. Rf3 Qe4 39. Kg3 Qe1+ 40. Kh2 Qe4 41. Rg3 Qh7+ 42. Kg2 Qe4+ 43. Nf3 Qh7 44. Qf6 Qc2+ 45. Kh1 Qh7+ 46. Kg1 Qb1+ 47. Kh2 Qc2+ 48. Rg2 Qh7+ 49. Nh4 Kh8 50. Rg4 Kg8 51. Kg3 Qd3+ 52. Nf3 Qh7 53. Rg6 Re7 54. Ng5 Qh5 55. Nxe6 1-0

[Event "Schachfestival 2024-Senioren"]
[White "Bauer Wolfgang"]
[Black "Bruchmann Norbert"]
[Site "Bad Woerishofen "]
[Round "2.14"]
[Annotator "wempe"]
[Result "1/2-1/2"]
[Date "2024.03.10"]
[WhiteElo "1936"]
[BlackElo "2057"]
[PlyCount "87"]
[GameId "2118793979117730"]
[EventDate "2024.03.09"]
[WhiteTeam "SC Dillingen"]
[BlackTeam "SG EN-Sued"]

1. c4 e5 2. Nc3 Bb4 3. g3 Bxc3 4. bxc3 d6 5. d4 Nc6 6. Bg2 f5 7. Nf3 e4 8. Nd2 Nf6 9. f3 exf3 10. exf3 O-O 11. O-O f4 12. Ne4 fxg3 13. hxg3 Qe8 14. Nxf6+ Rxf6 15. Bf4 Qf7 16. d5 Na5 17. Qa4 b6 18. Rfe1 Bd7 19. Qb4 h6 20. Re2 g5 21. Bd2 Qh7 22. Rae1 Raf8 23. Re7 R8f7 24. Rxf7 Rxf7 25. f4 Qd3 26. Be3 Nxc4 27. Bf1 Qxe3+ 28. Rxe3 Nxe3 29. Qe4 gxf4 30. gxf4 Rg7+ 31. Kf2 Ng4+ 32. Ke1 Kf8 33. Kd2 Nf6 34. Qd4 Ke7 35. c4 Rg3 36. Bd3 h5 37. f5 Kf7 38. Qf4 Rg4 39. Qh6 Rg2+ 40. Kc3 Rg3 41. Kd2 Rg2+ 42. Ke1 Rg1+ 43. Ke2 Rg2+ 44. Ke1 1/2-1/2

[Event "Schachfestival 2024-Senioren"]
[White "McAndrew Robert"]
[Black "Bohnstorff Michael"]
[Site "Bad Woerishofen "]
[Round "2.15"]
[Annotator "wempe"]
[Result "1/2-1/2"]
[Date "2024.03.10"]
[WhiteElo "1935"]
[BlackElo "2043"]
[PlyCount "39"]
[GameId "2118793979117731"]
[EventDate "2024.03.09"]
[WhiteTeam "Skanderborg"]
[BlackTeam "Ohne"]

1. c4 c6 2. g3 d5 3. Nf3 Nf6 4. Bg2 Bf5 5. Qb3 Qb6 6. d3 e6 7. Be3 Qxb3 8. axb3 Na6 9. O-O Be7 10. Na3 O-O 11. Nc2 h6 12. Ncd4 Nc5 13. Nxf5 exf5 14. Nd4 g6 15. b4 Ne6 16. Nxe6 fxe6 17. Bxh6 Rfd8 18. c5 a6 19. Bg5 Kf7 20. Bf3 1/2-1/2

[Event "Schachfestival 2024-Senioren"]
[White "Ellerbrock Manfred"]
[Black "Heller Achim"]
[Site "Bad Woerishofen "]
[Round "2.16"]
[Annotator "wempe"]
[Result "0-1"]
[Date "2024.03.10"]
[WhiteElo "1917"]
[BlackElo "2040"]
[PlyCount "78"]
[GameId "2118793979117732"]
[EventDate "2024.03.09"]
[WhiteTeam "TG Forchtenberg"]
[BlackTeam "Ennepe-Ruhr-Sued"]

1. d4 d5 2. c4 e6 3. Nc3 Nf6 4. Bg5 Be7 5. e3 O-O 6. Nf3 h6 7. Bh4 b6 8. cxd5 Nxd5 9. Bxe7 Qxe7 10. Nxd5 exd5 11. Be2 Bb7 12. O-O Nd7 13. Rc1 c5 14. Re1 Rfc8 15. Qd2 c4 16. Qc2 b5 17. Qf5 Rc7 18. h4 Rac8 19. g4 Qe4 20. Qxe4 dxe4 21. Nh2 b4 22. g5 f5 23. gxf6 Nxf6 24. Ng4 Nxg4 25. Bxg4 Re8 26. Re2 Bd5 27. b3 c3 28. Kg2 Rf8 29. Rec2 Rf6 30. Be2 Rf5 31. Bg4 Rf6 32. Be2 a6 33. Rf1 g6 34. f4 exf3+ 35. Bxf3 Rxf3 36. Rxf3 Rf7 37. Rcf2 Rxf3 38. Rxf3 Bxf3+ 39. Kxf3 c2 0-1

[Event "Schachfestival 2024-Senioren"]
[White "Higatsberger Michael"]
[Black "Lechner Otto"]
[Site "Bad Woerishofen "]
[Round "2.17"]
[Annotator "wempe"]
[Result "1-0"]
[Date "2024.03.10"]
[WhiteElo "2037"]
[BlackElo "1913"]
[PlyCount "79"]
[GameId "2118793979117733"]
[EventDate "2024.03.09"]
[BlackTeam "TSV Wertingen 1862 SAbt"]

1. e4 c6 2. d4 d5 3. e5 c5 4. dxc5 e6 5. a3 Bxc5 6. Qg4 g6 7. Nf3 h5 8. Qf4 Be7 9. Bd3 Nh6 10. Nc3 a6 11. O-O Nf5 12. Ne2 Nc6 13. Ng3 b5 14. Nxf5 exf5 15. a4 b4 16. Be3 Be6 17. h4 d4 18. Nxd4 Nxd4 19. Bxd4 Bxh4 20. Bc5 Be7 21. Qxb4 h4 22. Rfd1 Bd7 23. Qd4 Bxc5 24. Qxc5 h3 25. Bf1 hxg2 26. Bxg2 Rc8 27. Qd4 Rh4 28. Qd2 f4 29. Ra3 Rg4 30. Kf1 Rh4 31. Rd3 Rc7 32. Rxd7 Rxd7 33. Bc6 f3 34. Bxd7+ Kf8 35. Qd6+ Kg7 36. Bh3 Qxd6 37. exd6 Rxh3 38. Kg1 Rh5 39. d7 Rg5+ 40. Kf1 1-0

[Event "Schachfestival 2024-Senioren"]
[White "Schmitt Karl"]
[Black "Toenniges Thomas"]
[Site "Bad Woerishofen "]
[Round "2.18"]
[Annotator "wempe"]
[Result "0-1"]
[Date "2024.03.10"]
[WhiteElo "1906"]
[BlackElo "2027"]
[PlyCount "94"]
[GameId "2118793979117734"]
[EventDate "2024.03.09"]
[WhiteTeam "Bergische Schachfreunde"]
[BlackTeam "SV Bad Schwartau"]

1. d4 Nf6 2. c4 c5 3. d5 b5 4. cxb5 a6 5. bxa6 Bxa6 6. Nc3 g6 7. g3 d6 8. Bg2 Bg7 9. Nf3 O-O 10. Rb1 Nbd7 11. O-O Qc7 12. b3 Rfb8 13. Bd2 Nb6 14. Ng5 h6 15. Nh3 Bb7 16. e4 Qc8 17. Re1 Ng4 18. Qc1 Kh7 19. a4 Ne5 20. Qc2 Ba6 21. Nb5 Qd7 22. f4 Ng4 23. Bc3 Bxb5 24. axb5 Qxb5 25. Bxg7 Kxg7 26. Nf2 Nxf2 27. Qxf2 Qb4 28. e5 Rb7 29. exd6 exd6 30. f5 gxf5 31. Qxf5 Qd4+ 32. Kh1 Ra2 33. Be4 Kf8 34. Qh7 Qg7 35. Qf5 Re7 36. Bg2 Rxe1+ 37. Rxe1 Qb2 38. Qe4 Nd7 39. Qe7+ Kg7 40. Rg1 Ne5 41. Qh4 Qe2 42. Qe4 Qxe4 43. Bxe4 Ng4 44. Re1 Rxh2+ 45. Kg1 Rb2 46. Rb1 Rxb1+ 47. Bxb1 Kf6 0-1

[Event "Schachfestival 2024-Senioren"]
[White "Kutschenko Roland"]
[Black "Kamm Guenter"]
[Site "Bad Woerishofen "]
[Round "2.19"]
[Annotator "wempe"]
[Result "1/2-1/2"]
[Date "2024.03.10"]
[WhiteElo "2024"]
[BlackElo "1881"]
[PlyCount "84"]
[GameId "2118793979179175"]
[EventDate "2024.03.09"]
[WhiteTeam "SK Freiburg-Zaehringen 1887 e.V."]
[BlackTeam "SF Schwaigern"]

1. d4 Nf6 2. Bg5 c5 3. Bxf6 gxf6 4. d5 f5 5. c3 d6 6. g3 Bg7 7. e3 Nd7 8. Nf3 Rb8 9. a4 b6 10. Na3 a6 11. Bc4 O-O 12. O-O Bf6 13. Qc2 Ne5 14. Be2 e6 15. Nxe5 dxe5 16. dxe6 fxe6 17. Rad1 Qc7 18. Bf3 e4 19. Bg2 Be7 20. c4 Bd7 21. b3 Bc6 22. Rd2 Rbd8 23. Rfd1 Rxd2 24. Rxd2 Rd8 25. Nb1 Rxd2 26. Qxd2 Qd6 27. Qxd6 Bxd6 28. Bf1 Be5 29. Be2 Kf7 30. Kf1 Kf6 31. Ke1 Bd6 32. Nc3 Be5 33. Kd2 Bc7 34. Bd1 Bd6 35. Be2 Kg5 36. h4+ Kf6 37. Bf1 Kg6 38. Be2 h5 39. Bd1 Be5 40. Ne2 Bd6 41. Nf4+ Bxf4 42. exf4 a5 1/2-1/2

[Event "Schachfestival 2024-Senioren"]
[White "Ebner Hermann"]
[Black "Remensberger Hansuli"]
[Site "Bad Woerishofen "]
[Round "2.20"]
[Annotator "wempe"]
[Result "0-1"]
[Date "2024.03.10"]
[WhiteElo "1903"]
[BlackElo "2024"]
[PlyCount "88"]
[GameId "2118793979179176"]
[EventDate "2024.03.09"]
[WhiteTeam "SK Markdorf"]
[BlackTeam "Chessflyers"]

1. d4 d6 2. e4 g6 3. Nc3 Bg7 4. Be3 a6 5. Qd2 Nd7 6. O-O-O b5 7. a3 Bb7 8. f3 c5 9. Nge2 Ngf6 10. h4 h5 11. Nf4 cxd4 12. Bxd4 e5 13. Be3 exf4 14. Bxf4 Ne5 15. Qxd6 Qxd6 16. Rxd6 Nfd7 17. Be2 Ke7 18. Rhd1 Rhd8 19. Bg5+ f6 20. Be3 Rac8 21. R6d4 Ke8 22. Kb1 Bf8 23. f4 Ng4 24. Bxg4 hxg4 25. R4d3 Nc5 26. Bxc5 Bxc5 27. Nd5 Bxd5 28. exd5 Kf7 29. Rh1 Bd6 30. Rf1 f5 31. Kc1 Rc4 32. g3 Re8 33. Kd2 Rce4 34. Rh1 Re2+ 35. Kd1 R2e3 36. Kd2 Rxd3+ 37. Kxd3 Bc5 38. Rh2 Re3+ 39. Kd2 Rxg3 40. h5 Be3+ 41. Ke2 Bxf4 42. hxg6+ Kxg6 43. Rh8 Rg2+ 44. Kd3 Rd2+ 0-1

[Event "Schachfestival 2024-Senioren"]
[White "Rick Uwe"]
[Black "Kundt Guenther Dr."]
[Site "Bad Woerishofen "]
[Round "2.21"]
[Annotator "wempe"]
[Result "1-0"]
[Date "2024.03.10"]
[WhiteElo "2021"]
[BlackElo "1851"]
[PlyCount "97"]
[GameId "2118793979179177"]
[EventDate "2024.03.09"]
[WhiteTeam "SC Turm Lueneburg e.V."]
[BlackTeam "SSC Graal-Mueritz"]

1. d4 d5 2. c4 e6 3. Nc3 Nf6 4. cxd5 exd5 5. Bg5 Be7 6. e3 O-O 7. Bd3 c6 8. Qc2 Nbd7 9. Nge2 Re8 10. O-O Nf8 11. f3 Nh5 12. Bxe7 Qxe7 13. e4 dxe4 14. fxe4 Bg4 15. h3 Bxe2 16. Nxe2 Ng6 17. Rf5 Nf6 18. Raf1 Nh4 19. R5f2 Qb4 20. Bc4 Rf8 21. e5 Nd5 22. Bxd5 cxd5 23. Rc1 Qb6 24. Qd2 Ng6 25. Nc3 Rac8 26. Rcf1 Rc4 27. Ne2 Qb4 28. Qxb4 Rxb4 29. b3 Rb6 30. Rc1 Rc6 31. Rxc6 bxc6 32. Nc3 Ne7 33. Kf1 Rb8 34. Ke2 g6 35. Kd3 Kg7 36. Rf6 Rb4 37. g4 h6 38. Na4 Rb8 39. Rd6 Rb7 40. Nc5 Rb8 41. Rd7 Kf8 42. Rxa7 Ke8 43. a4 Nc8 44. Rc7 Ne7 45. Kc3 Rc8 46. Rb7 Kd8 47. Rd7+ Ke8 48. Ra7 Kf8 49. a5 1-0

[Event "Schachfestival 2024-Senioren"]
[White "Wunderlich Frank"]
[Black "Remensberger Paul"]
[Site "Bad Woerishofen "]
[Round "2.22"]
[Annotator "wempe"]
[Result "1/2-1/2"]
[Date "2024.03.10"]
[WhiteElo "1843"]
[BlackElo "2019"]
[PlyCount "33"]
[GameId "2118793979179178"]
[EventDate "2024.03.09"]
[WhiteTeam "SC Reinheim - Gross-Bieberau"]
[BlackTeam "Herrliberg"]

1. c4 e6 2. Nc3 d5 3. cxd5 exd5 4. d4 c6 5. Bf4 Bd6 6. Bg3 Nf6 7. e3 Bf5 8. Qb3 b6 9. Nf3 Bxg3 10. hxg3 h6 11. Ne5 Qd6 12. Bd3 Bxd3 13. Nxd3 Nbd7 14. O-O O-O 15. Rac1 Rac8 16. Qb4 Qxb4 17. Nxb4 1/2-1/2

[Event "Schachfestival 2024-Senioren"]
[White "Schoknecht Sabine"]
[Black "Weinwurm Wolfgang"]
[Site "Bad Woerishofen "]
[Round "2.23"]
[Annotator "wempe"]
[Result "0-1"]
[Date "2024.03.10"]
[WhiteElo "1816"]
[BlackElo "2016"]
[PlyCount "104"]
[GameId "2118793979179179"]
[EventDate "2024.03.09"]
[WhiteTeam "FC St. Pauli"]
[BlackTeam "Ternitz"]

1. b3 e5 2. Bb2 Nc6 3. e3 Nf6 4. Be2 d5 5. d3 Bd6 6. Nf3 O-O 7. Nbd2 Bf5 8. h3 Re8 9. g4 Be6 10. Ng5 Bc8 11. Ngf3 e4 12. dxe4 Nxe4 13. a3 a6 14. Bd3 b5 15. Qe2 Qe7 16. Rg1 Bb7 17. g5 Ne5 18. Bxe4 dxe4 19. Nd4 Qd7 20. h4 c5 21. f4 cxd4 22. fxe5 Bxe5 23. exd4 Bxd4 24. Bxd4 Qxd4 25. O-O-O Qc5 26. Nb1 Rac8 27. Rg3 Qe5 28. Re3 Rc7 29. Rd2 Qf4 30. Qe1 Rec8 31. Qf2 Qe5 32. Qe2 Qe6 33. Qd1 Qe7 34. Kb2 f5 35. Rc3 f4 36. Rxc7 Rxc7 37. Rd4 f3 38. Nd2 e3 39. Nxf3 e2 40. Qd2 Bxf3 41. Rd8+ Kf7 42. Qf4+ Kg6 43. Rd6+ Qxd6 44. Qxd6+ Kh5 45. Qxc7 e1=Q 46. Qxg7 Qe4 47. Qh6+ Kg4 48. Qxa6 Qe5+ 49. Ka2 Be4 50. Qc8+ Kxh4 51. Qf8 Kxg5 52. Qf2 h5 0-1

[Event "Schachfestival 2024-Senioren"]
[White "Kretschel Klaus"]
[Black "Cerpnjak Mirko"]
[Site "Bad Woerishofen "]
[Round "2.24"]
[Annotator "wempe"]
[Result "1-0"]
[Date "2024.03.10"]
[WhiteElo "2004"]
[BlackElo "1839"]
[PlyCount "83"]
[GameId "2118793979179180"]
[EventDate "2024.03.09"]
[WhiteTeam "TuS Fuerstenfeldbruck"]
[BlackTeam "SC Groebenzell"]

1. e4 e5 2. Nf3 Nf6 3. Nc3 Nc6 4. Bc4 Bc5 5. d3 O-O 6. Nd5 h6 7. c3 a5 8. O-O Re8 9. d4 exd4 10. cxd4 Ba7 11. Nxf6+ Qxf6 12. e5 Qe7 13. Be3 d6 14. exd6 cxd6 15. Re1 Bg4 16. h3 Bxf3 17. Qxf3 Nxd4 18. Bxd4 Qxe1+ 19. Rxe1 Rxe1+ 20. Kh2 Bxd4 21. Qxf7+ Kh8 22. Bd3 Rae8 23. g3 R1e6 24. Qf5 g6 25. Qf4 Bg7 26. h4 h5 27. Bb5 Rf8 28. Qd2 b6 29. f4 Kh7 30. Kh3 Ref6 31. b3 Rd8 32. Qe2 d5 33. Bd3 Kh8 34. Qe7 Rdd6 35. f5 Bf8 36. Qe8 Kg7 37. Qe5 gxf5 38. Bxf5 Kf7 39. Bd3 Rh6 40. Be2 d4 41. Bc4+ Kg6 42. Qg5+ 1-0

[Event "Schachfestival 2024-Senioren"]
[White "Speicher Franz"]
[Black "Steinhart Matthias"]
[Site "Bad Woerishofen "]
[Round "2.25"]
[Annotator "wempe"]
[Result "1/2-1/2"]
[Date "2024.03.10"]
[WhiteElo "1885"]
[BlackElo "1768"]
[PlyCount "86"]
[GameId "2118793979179181"]
[EventDate "2024.03.09"]
[WhiteTeam "Dicker Turm Esslingen"]
[BlackTeam "DBSB"]

1. e4 e5 2. Bc4 Nf6 3. d3 c6 4. Nf3 d5 5. Bb3 Bd6 6. exd5 cxd5 7. Bg5 Be6 8. Nc3 Bc7 9. O-O Nc6 10. Qe2 O-O 11. Rad1 a6 12. h3 Nd4 13. Nxd4 exd4 14. Bxf6 gxf6 15. Nb1 Qd6 16. f4 Kh8 17. Rf3 Rg8 18. Qf2 f5 19. Qxd4+ Rg7 20. Kh1 Bb6 21. Qf6 Rag8 22. Rd2 Bd8 23. Qe5 Qxe5 24. fxe5 Ba5 25. Re2 Bb6 26. Nc3 Rd8 27. Rf4 Bc5 28. d4 Be7 29. h4 b5 30. Nd1 Rdg8 31. Ne3 Rg3 32. Nxd5 Bxd5 33. Bxd5 R8g4 34. Rxg4 Rxg4 35. Bxf7 Rxh4+ 36. Kg1 Rxd4 37. Kf2 Kg7 38. e6 Kf6 39. c3 Rd1 40. a3 h6 41. Be8 Bc5+ 42. Kg3 Bd6+ 43. Kf2 Bc5+ 1/2-1/2

[Event "Schachfestival 2024-Senioren"]
[White "Hinz Holger"]
[Black "Kurpiela Franz"]
[Site "Bad Woerishofen "]
[Round "2.27"]
[Annotator "wempe"]
[Result "0-1"]
[Date "2024.03.10"]
[WhiteElo "2001"]
[BlackElo "1800"]
[PlyCount "113"]
[GameId "2118793979179183"]
[EventDate "2024.03.09"]
[WhiteTeam "SV Lendersdorf"]
[BlackTeam "TSG Oehringen"]

1. Nf3 d5 2. g3 Nf6 3. Bg2 Bf5 4. d3 h6 5. c4 c6 6. Qb3 Qb6 7. Be3 Qxb3 8. axb3 a6 9. Nc3 e6 10. O-O Bb4 11. Ra4 Bxc3 12. bxc3 Nbd7 13. cxd5 exd5 14. b4 O-O 15. Nd4 Bg6 16. Nb3 Rfe8 17. Ra2 Re7 18. Na5 Nf8 19. Bc5 Rd7 20. c4 Ne6 21. Be3 Re8 22. Bf3 Nd8 23. Nb3 dxc4 24. Nc5 Rde7 25. dxc4 Be4 26. Rd2 Bxf3 27. exf3 Ne6 28. Nb3 Rd7 29. Rxd7 Nxd7 30. f4 Nf6 31. Na5 Nd8 32. Bb6 Ne6 33. Rd1 g6 34. c5 Rb8 35. Nc4 Re8 36. Nd6 Re7 37. f3 Nd5 38. Ba5 Rd7 39. Ne4 Kf8 40. Rd3 Ke7 41. Nd6 f5 42. Nc4 Kf6 43. Nd6 g5 44. fxg5+ hxg5 45. Nc4 Nf8 46. Kg2 Nf4+ 47. gxf4 Rxd3 48. fxg5+ Kxg5 49. Nd6 Kf4 50. Nxb7 Rd2+ 51. Kf1 Kxf3 52. Ke1 Re2+ 53. Kd1 Ne6 54. Bd8 Rxh2 55. Ba5 Nd4 56. Nd6 Ra2 57. Nc4 0-1

[Event "Schachfestival 2024-Senioren"]
[White "Kierzek Matthias Dr."]
[Black "Pichl Michael"]
[Site "Bad Woerishofen "]
[Round "2.28"]
[Annotator "wempe"]
[Result "1-0"]
[Date "2024.03.10"]
[WhiteElo "2112"]
[BlackElo "1860"]
[PlyCount "49"]
[GameId "2118793979179184"]
[EventDate "2024.03.09"]
[WhiteTeam "SC Fulda"]

1. d4 c5 2. d5 d6 3. e4 g6 4. c4 Bg7 5. Nc3 e5 6. Bd3 a6 7. Be3 Nf6 8. h3 Nbd7 9. g4 O-O 10. Nge2 Re8 11. Ng3 Rb8 12. g5 Nh5 13. Nxh5 gxh5 14. Qxh5 Nf8 15. Qf3 Ng6 16. h4 Bd7 17. h5 Nf4 18. Bxf4 exf4 19. Qxf4 Be5 20. Qd2 f5 21. f4 Bxc3 22. Qxc3 fxe4 23. Be2 b5 24. h6 b4 25. Qg7# 1-0

[Event "Schachfestival 2024-Senioren"]
[White "Sakowski Christian"]
[Black "Ernst Michael"]
[Site "Bad Woerishofen "]
[Round "2.29"]
[Annotator "wempe"]
[Result "0-1"]
[Date "2024.03.10"]
[WhiteElo "1854"]
[BlackElo "2100"]
[PlyCount "44"]
[GameId "2118793979179185"]
[EventDate "2024.03.09"]
[WhiteTeam "Schachclub Muelheim 08/25"]
[BlackTeam "SV Klosterneuburg"]

1. d4 d5 2. Nf3 Nf6 3. Bf4 c5 4. c3 Nc6 5. e3 Qb6 6. Qb3 c4 7. Qxb6 axb6 8. h3 b5 9. Be2 Bf5 10. Nbd2 h6 11. O-O b4 12. a3 bxc3 13. bxc3 b5 14. Ne5 Nxe5 15. Bxe5 e6 16. a4 b4 17. cxb4 Bxb4 18. Nf3 O-O 19. Rfc1 Ra7 20. Bd1 Rfa8 21. Bxf6 gxf6 22. Nh2 Bd2 0-1

[Event "Schachfestival 2024-Senioren"]
[White "Heilinger Dietmar"]
[Black "Bertz Uwe"]
[Site "Bad Woerishofen "]
[Round "2.32"]
[Annotator "wempe"]
[Result "1/2-1/2"]
[Date "2024.03.10"]
[WhiteElo "2018"]
[BlackElo "1880"]
[PlyCount "45"]
[GameId "2118793979179188"]
[EventDate "2024.03.09"]
[BlackTeam "SF Schwaigern"]

1. c4 c6 2. d4 d5 3. e3 Nf6 4. Nf3 Bf5 5. Bd3 Bxd3 6. Qxd3 e6 7. O-O Be7 8. Nbd2 Nbd7 9. b3 O-O 10. Bb2 Rc8 11. e4 dxe4 12. Nxe4 Nxe4 13. Qxe4 Nf6 14. Qe2 Re8 15. Rad1 Qa5 16. a3 Qh5 17. Rfe1 Bf8 18. h3 Red8 19. Qc2 Qg6 20. Qe2 Qh5 21. Qc2 Qg6 22. Qe2 Qh5 23. Qc2 1/2-1/2

[Event "Schachfestival 2024-Senioren"]
[White "Zwick Hubert"]
[Black "Kleinhenz Hans-Georg"]
[Site "Bad Woerishofen "]
[Round "2.33"]
[Annotator "wempe"]
[Result "1-0"]
[Date "2024.03.10"]
[WhiteElo "2003"]
[BlackElo "1833"]
[PlyCount "73"]
[GameId "2118793979179189"]
[EventDate "2024.03.09"]
[WhiteTeam "Gaienhofen"]
[BlackTeam "Stolberger Schachverein 1927"]

1. d4 d5 2. Bg5 Nf6 3. e3 e6 4. Bd3 h6 5. Bh4 c5 6. c3 Nc6 7. f4 Be7 8. Nd2 b6 9. Qe2 O-O 10. Ngf3 Bb7 11. O-O c4 12. Bc2 b5 13. Bxf6 Bxf6 14. g4 g5 15. h4 gxh4 16. g5 hxg5 17. Nxg5 Bxg5 18. Qh5 f5 19. Qg6+ Kh8 20. fxg5 Qe7 21. Rf4 Qh7 22. Qxh7+ Kxh7 23. Rxh4+ Kg7 24. Kf2 Rh8 25. Rah1 Rxh4 26. Rxh4 Rh8 27. Rxh8 Kxh8 28. Kg3 Bc8 29. Bd1 Kg7 30. Bh5 Bd7 31. Kf4 Kf8 32. Nf3 Bc8 33. Ne5 Nd8 34. Bg6 a6 35. Bh5 Kg7 36. Be8 Kf8 37. g6 1-0

[Event "Schachfestival 2024-Senioren"]
[White "Titz Waldemar"]
[Black "Krueger Norbert"]
[Site "Bad Woerishofen "]
[Round "2.35"]
[Annotator "wempe"]
[Result "0-1"]
[Date "2024.03.10"]
[WhiteElo "1822"]
[BlackElo "1993"]
[PlyCount "96"]
[GameId "2118793979244727"]
[EventDate "2024.03.09"]
[WhiteTeam "SV Rottweil"]
[BlackTeam "Ratinger Schachklub"]

1. e4 c5 2. Nf3 Nf6 3. Nc3 Nc6 4. d4 d5 5. exd5 Nxd5 6. Nxd5 Qxd5 7. Be3 cxd4 8. Nxd4 a6 9. c3 e5 10. Nc2 Be6 11. Qxd5 Bxd5 12. f3 O-O-O 13. Be2 Be7 14. O-O f5 15. Bb6 Rd7 16. c4 Be6 17. b3 Rd2 18. Bd1 Bd8 19. Be3 Rd7 20. Bf2 Ba5 21. Be1 Bxe1 22. Rxe1 Rd2 23. Re2 Rhd8 24. Rxd2 Rxd2 25. Kf1 f4 26. Rc1 Bf5 27. a3 Bd3+ 28. Kg1 Rxd1+ 29. Rxd1 Bxc2 30. Rc1 Bxb3 31. c5 Ba4 32. g3 g5 33. Kg2 Kd7 34. h4 h6 35. hxg5 hxg5 36. Rh1 Nd4 37. Rh7+ Kc6 38. Rg7 Ne6 39. Rg6 Bb3 40. gxf4 gxf4 41. Kh3 Kxc5 42. Kg4 Kd4 43. Rf6 Ke3 44. Rf5 Kd4 45. Rf7 Bd5 46. Re7 Ke3 47. Kf5 Nd4+ 48. Kf6 Nxf3 0-1

[Event "Schachfestival 2024-Senioren"]
[White "Moser Andreas"]
[Black "Kierzek Mira"]
[Site "Bad Woerishofen "]
[Round "2.36"]
[Annotator "wempe"]
[Result "0-1"]
[Date "2024.03.10"]
[WhiteElo "1819"]
[BlackElo "1977"]
[PlyCount "59"]
[GameId "2118793979244728"]
[EventDate "2024.03.09"]
[WhiteTeam "SF Muenchen e.V."]
[BlackTeam "SC Fulda"]

1. e4 c5 2. Bc4 e6 3. Nf3 a6 4. a4 Nc6 5. c3 d5 6. exd5 exd5 7. Qe2+ Be7 8. Bb3 Nf6 9. d3 O-O 10. O-O h6 11. Re1 Bd6 12. Nbd2 Re8 13. Qf1 Bf5 14. Rxe8+ Qxe8 15. h3 Bh7 16. Nh2 Qe6 17. Ndf3 Qf5 18. Ng4 d4 19. cxd4 cxd4 20. Nxf6+ Qxf6 21. Bd2 Bf5 22. Bd5 Re8 23. Re1 Rxe1 24. Qxe1 Be6 25. Bxe6 Qxe6 26. Qxe6 fxe6 27. Kf1 Kf7 28. Ke2 e5 29. Ne1 Ke6 30. Nc2 0-1

[Event "Schachfestival 2024-Senioren"]
[White "Larem Ewald"]
[Black "Leser Alfred"]
[Site "Bad Woerishofen "]
[Round "2.37"]
[Annotator "wempe"]
[Result "1-0"]
[Date "2024.03.10"]
[WhiteElo "1977"]
[BlackElo "1825"]
[PlyCount "79"]
[GameId "2118793979244729"]
[EventDate "2024.03.09"]
[WhiteTeam "SC Rotenburg"]
[BlackTeam "Sf Mengen"]

1. d4 d5 2. c4 c6 3. Nc3 Nf6 4. Nf3 dxc4 5. e3 b5 6. a4 b4 7. Na2 e6 8. Bxc4 a5 9. O-O Be7 10. Re1 O-O 11. e4 Ba6 12. Qe2 Qb6 13. Bf4 Nbd7 14. Rad1 Bxc4 15. Qxc4 Qa6 16. Qxa6 Rxa6 17. Nc1 Nh5 18. Be3 Nhf6 19. Nd2 c5 20. f3 Rc8 21. Nd3 c4 22. Ne5 Nxe5 23. dxe5 Ne8 24. Nb1 Rac6 25. Rd7 Bc5 26. Kf2 Bxe3+ 27. Kxe3 Rc5 28. f4 Kf8 29. Rc1 f6 30. Kd4 c3 31. bxc3 Rc4+ 32. Kd3 bxc3 33. Rxc3 Rxc3+ 34. Nxc3 fxe5 35. fxe5 Nc7 36. Nb5 Nxb5 37. axb5 Rc5 38. b6 a4 39. Rc7 Rb5 40. b7 1-0

[Event "Schachfestival 2024-Senioren"]
[White "Diotallevi Maurizio"]
[Black "Eigenmann Christina"]
[Site "Bad Woerishofen "]
[Round "2.38"]
[Annotator "wempe"]
[Result "1-0"]
[Date "2024.03.10"]
[WhiteElo "1959"]
[BlackElo "1799"]
[PlyCount "58"]
[GameId "2118793979244730"]
[EventDate "2024.03.09"]
[BlackTeam "Schweizer Schachsenioren"]

1. Nf3 d5 2. d4 Nf6 3. c4 c6 4. e3 Bg4 5. Nc3 Nbd7 6. Qb3 Qb6 7. Bd2 e6 8. Be2 Qc7 9. cxd5 exd5 10. Rc1 Nb6 11. h3 Bxf3 12. gxf3 Qd7 13. Bd3 g5 14. Ne2 Bd6 15. Qc2 Qc7 16. Ba5 Qe7 17. a3 Nh5 18. Bd2 Ng7 19. Ng3 h5 20. Nf5 Nxf5 21. Bxf5 Nc4 22. Ke2 Bf4 23. Kf1 Qf6 24. exf4 Nxd2+ 25. Qxd2 Qxf5 26. fxg5 Qxf3 27. Qe3+ Qxe3 28. fxe3 h4 29. Ke2 Kd7 1-0

[Event "Schachfestival 2024-Senioren"]
[White "Harsch Martin"]
[Black "Schleime Franz-Josef"]
[Site "Bad Woerishofen "]
[Round "2.39"]
[Annotator "wempe"]
[Result "1-0"]
[Date "2024.03.10"]
[WhiteElo "1942"]
[BlackElo "1779"]
[PlyCount "69"]
[GameId "2118793979244731"]
[EventDate "2024.03.09"]
[WhiteTeam "Saanenland"]
[BlackTeam "SF Lennestadt-Meggen  e. V."]

1. e4 c5 2. Nf3 e6 3. c3 Nc6 4. d4 cxd4 5. cxd4 d5 6. exd5 exd5 7. Nc3 Bg4 8. Bb5 Nf6 9. Qa4 Bd7 10. O-O Be7 11. Ne5 Qc7 12. Bf4 Bd6 13. Nxd7 Qxd7 14. Rfe1+ Kf8 15. Be5 Be7 16. Rac1 a6 17. Rc2 Rc8 18. Bxc6 Rxc6 19. Qb3 Ng4 20. Rce2 Re6 21. Nxd5 f6 22. Bg3 Rxe2 23. Rxe2 Bd6 24. Bxd6+ Qxd6 25. g3 Qc6 26. Qa3+ Kf7 27. Qe7+ Kg6 28. Qe4+ Kf7 29. h3 Nh6 30. Qe7+ Kg6 31. Nf4+ Kf5 32. d5 Qb6 33. Qxg7 Re8 34. Qd7+ Kg5 35. h4# 1-0